Loading...
| Arts - Music | 4 | 12.50 | 100% | 25% | 0% |
| Arts - Other Arts | 3 | 16.67 | 100% | 33% | 33% |
| Arts - Painting | 4 | 15.00 | 100% | 50% | 0% |
| History - American | 1 | 10.00 | 100% | 0% | 0% |
| History - American History | 3 | 13.33 | 100% | 33% | 0% |
| History - European | 3 | 13.33 | 100% | 0% | 33% |
| History - Other History | 3 | 20.00 | 100% | 100% | 0% |
| History - World | 1 | 10.00 | 100% | 0% | 0% |
| History - World History | 5 | 22.00 | 100% | 80% | 40% |
| Literature - American Lit | 5 | 20.00 | 100% | 80% | 20% |
| Literature - British Lit | 3 | 20.00 | 100% | 67% | 33% |
| Literature - European Lit | 3 | 16.67 | 100% | 67% | 0% |
| Literature - World Lit | 2 | 20.00 | 100% | 50% | 50% |
| Mythology | 3 | 16.67 | 100% | 67% | 0% |
| NA | 1 | 10.00 | 100% | 0% | 0% |
| Other - Geo/CE | 4 | 15.00 | 100% | 50% | 0% |
| Other Academic | 3 | 13.33 | 100% | 33% | 0% |
| Pop Culture | 5 | 16.00 | 100% | 40% | 20% |
| Religion | 3 | 16.67 | 100% | 67% | 0% |
| Science - Biology | 4 | 12.50 | 100% | 25% | 0% |
| Science - Chemistry | 2 | 0.00 | 0% | 0% | 0% |
| Science - Other Science | 4 | 15.00 | 100% | 50% | 0% |
| Science - Physics | 5 | 8.00 | 60% | 20% | 0% |
| Thought - Philosophy | 3 | 16.67 | 100% | 67% | 0% |
| Thought - Social Science | 4 | 20.00 | 100% | 75% | 25% |